| 000 | 00360 a2200145 4500 | ||
|---|---|---|---|
| 005 | 20250626074303.0 | ||
| 020 | _a0 273 01588 5 | ||
| 082 | _a658 APP | ||
| 100 | _aAPPLEBY, R.C. | ||
| 245 | _aModern Business Administration, | ||
| 250 | _a3th Ed. | ||
| 260 |
_aLondon, _bPitman Book Limited, _c1976. |
||
| 300 |
_axiv.;4012p: _bIndex, _c23cm. |
||
| 942 |
_2ddc _cBKS |
||
| 999 |
_c5221 _d5221 |
||